Davidson's Principles and Practice of Medicine. (Record no. 324)

MARC details
000 -LEADER
fixed length control field 00935cam a22003134a 4500
001 - CONTROL NUMBER
control field 12896225
003 - CONTROL NUMBER IDENTIFIER
control field OSt
005 - DATE AND TIME OF LATEST TRANSACTION
control field 20161205173556.0
008 - FIXED-LENGTH DATA ELEMENTS--GENERAL INFORMATION
fixed length control field 020815s2002 stka b 001 0 eng
010 ## - LIBRARY OF CONGRESS CONTROL NUMBER
LC control number 2002031430
020 ## - INTERNATIONAL STANDARD BOOK NUMBER
International Standard Book Number 0443070350
020 ## - INTERNATIONAL STANDARD BOOK NUMBER
International Standard Book Number 044307111X
035 ## - SYSTEM CONTROL NUMBER
System control number (DNLM)101152283
040 ## - CATALOGING SOURCE
Original cataloging agency DNLM/DLC
Transcribing agency DLC
Modifying agency DLC
042 ## - AUTHENTICATION CODE
Authentication code pcc
050 00 - LIBRARY OF CONGRESS CALL NUMBER
Classification number RC46
Item number .D24 2002
060 10 - NATIONAL LIBRARY OF MEDICINE CALL NUMBER
Classification number WB 100
Item number D253 2002
082 00 - DEWEY DECIMAL CLASSIFICATION NUMBER
Classification number WB 100 D281d 2002
Edition number 21
100 ## - MAIN ENTRY--PERSONAL NAME
Personal name Editors, Christopher Haslett [et...al]
9 (RLIN) 11346
245 00 - TITLE STATEMENT
Title Davidson's Principles and Practice of Medicine.
250 ## - EDITION STATEMENT
Edition statement 19th ed.
260 ## - PUBLICATION, DISTRIBUTION, ETC. (IMPRINT)
Place of publication, distribution, etc. Edinburgh ;
Name of publisher, distributor, etc. Churchill Livingstone,
Date of publication, distribution, etc. c2002.
300 ## - PHYSICAL DESCRIPTION
Extent xxii, 1274 p. :
Other physical details ill. (chiefly col.) ;
Dimensions 27 cm.
504 ## - BIBLIOGRAPHY, ETC. NOTE
Bibliography, etc Includes bibliographical references and index.
650 #0 - SUBJECT ADDED ENTRY--TOPICAL TERM
Topical term or geographic name as entry element Internal medicine.
9 (RLIN) 849
650 12 - SUBJECT ADDED ENTRY--TOPICAL TERM
Topical term or geographic name as entry element Medicine.
9 (RLIN) 324
906 ## - LOCAL DATA ELEMENT F, LDF (RLIN)
a 7
b cbc
c orignew
d 1
e ocip
f 20
g y-gencatlg
942 ## - ADDED ENTRY ELEMENTS (KOHA)
Source of classification or shelving scheme Other/Generic Classification Scheme
Koha item type Book Bank
Holdings
Withdrawn status Lost status Source of classification or shelving scheme Damaged status Not for loan Home library Current library Date acquired Source of acquisition Inventory number Total Checkouts Full call number Barcode Date last seen Date last checked out Koha item type
    Other/Generic Classification Scheme     MUST Main Library MUST Main Library 06/08/2014   06/26892 2 WB 100 D281d 2002 2014-1847 14/04/2022 11/02/2022 Book Bank
    Other/Generic Classification Scheme     MUST Main Library MUST Main Library 06/08/2014   06/26886 1 WB 100 D281d 2002 2014-1848 08/10/2022 12/07/2022 Book Bank
    Other/Generic Classification Scheme     MUST Main Library MUST Main Library 06/08/2014   06/26894 2 WB 100 D281d 2002 2014-1849 22/05/2025 13/02/2025 Book Bank
    Other/Generic Classification Scheme     MUST Main Library MUST Main Library 06/08/2014   06/26883   WB 100 D281d 2002 2014-1850 06/08/2014   Book Bank
    Other/Generic Classification Scheme     MUST Main Library MUST Main Library 06/08/2014   06/26885 2 WB 100 D281d 2002 2014-1851 12/04/2022 12/04/2022 Book Bank
    Other/Generic Classification Scheme     MUST Main Library MUST Main Library 06/08/2014   06/26884   WB 100 D281d 2002 2014-1852 06/08/2014   Book Bank
    Other/Generic Classification Scheme     MUST Main Library MUST Main Library 06/08/2014   06/26897   WB 100 D281d 2002 2014-1853 06/08/2014   Book Bank
    Other/Generic Classification Scheme     MUST Main Library MUST Main Library 06/08/2014   06/26891 1 WB 100 D281d 2002 2014-1854 30/09/2022 12/07/2022 Book Bank
    Other/Generic Classification Scheme     MUST Main Library MUST Main Library 06/08/2014   06/26881 2 WB 100 D281d 2002 2014-1855 27/03/2023 11/01/2023 Book Bank
    Other/Generic Classification Scheme     MUST Main Library MUST Main Library 06/08/2014   06/26898 1 WB 100 D281d 2002 2014-1856 20/01/2021 28/02/2020 Book Bank
    Other/Generic Classification Scheme     MUST Main Library MUST Main Library 06/08/2014   06/26887   WB 100 D281d 2002 2014-1857 06/08/2014   Book Bank
    Other/Generic Classification Scheme     MUST Main Library MUST Main Library 06/08/2014   06/26895 1 WB 100 D281d 2002 2014-1858 07/06/2021 06/04/2021 Book Bank
    Other/Generic Classification Scheme     MUST Main Library MUST Main Library 06/08/2014   06/26889   WB 100 D281d 2002 2014-1859 06/08/2014   Book Bank
    Other/Generic Classification Scheme     MUST Main Library MUST Main Library 13/01/2015   05/23195   WB 100 D281d 2002 2015-0068 13/01/2015   Short Loan
    Other/Generic Classification Scheme     MUST Main Library MUST Main Library 13/01/2015   06/26890   WB 100 D281d 2002 2015-0070 13/01/2015   Short Loan
    Other/Generic Classification Scheme     MUST Main Library MUST Main Library 13/01/2015   06/26893   WB 100 D281d 2002 2015-0071 13/01/2015   Short Loan
    Other/Generic Classification Scheme     MUST Main Library MUST Main Library 13/01/2015   06/26882   WB 100 D281d 2002 2015-0072 13/01/2015   Short Loan
    Other/Generic Classification Scheme     MUST Main Library MUST Main Library 17/02/2021 Purchase 06/26896 2 WB 100 D281c 2002 2021-0207 12/04/2022 21/01/2022 Book Bank